Dinh dưỡng học & những bệnh dinh dưỡng thông thường

Sách nêu lên những giá trị dinh dưỡng căn bản trong cơ thể người, giá trị dinh dưỡng những người chuyên biệt, những bệnh về dinh dưỡng thông thường và vài bệnh đặc biệt liên quan đến dinh dưỡng....

全面介紹

Đã lưu trong:
書目詳細資料
主要作者: Vũ, Ngọc Ruẩn
格式: 圖書
語言:Undetermined
出版: Thành phố Hồ Chí Minh Đại học Quốc gia Thành phố Hồ Chí Minh 2005
主題:
標簽: 添加標簽
沒有標簽, 成為第一個標記此記錄!
Thư viện lưu trữ: Trung tâm Học liệu Trường Đại học Cần Thơ
LEADER 00973nam a2200205Ia 4500
001 CTU_189967
008 210402s9999 xx 000 0 und d
020 |c 120000 
082 |a 613.2 
082 |b R502 
100 |a Vũ, Ngọc Ruẩn 
245 0 |a Dinh dưỡng học & những bệnh dinh dưỡng thông thường 
245 0 |c Vũ Ngọc Ruẩn 
260 |a Thành phố Hồ Chí Minh 
260 |b Đại học Quốc gia Thành phố Hồ Chí Minh 
260 |c 2005 
520 |a Sách nêu lên những giá trị dinh dưỡng căn bản trong cơ thể người, giá trị dinh dưỡng những người chuyên biệt, những bệnh về dinh dưỡng thông thường và vài bệnh đặc biệt liên quan đến dinh dưỡng. 
650 |a Nutrition,Dinh dưỡng học 
904 |i Trúc 
980 |a Trung tâm Học liệu Trường Đại học Cần Thơ